000 00631nam a2200181 i 4500
001 34418
003 ES-MaACL
007 t|
008 030207q1943 sp ||||1| spa d
100 1 _aBonet, Alberto.
_930110
245 1 3 _aEl catolicismo y la cultura frente a los nuevos tiempos
_b: contribución del pensamiento español a la idea de la libertad... /
_cAlberto Bonet.
260 _aBarcelona :
_bBorna,
_c[1943?] (
_fEmporium)
300 _a190 p. ;
_c19 cm.
490 1 _aSumma. Filosófico-teológica
830 0 _aSumma. Filosófico-teológica
_9229492
852 _aES-MaACL
_jC-6066
_bR.34757
999 _c34418
_d34418